Hollywood on Hollywood : Tinsel Town talks

Bibliographic Details
Main Author: MCCLELAND, Dong
Format: Book
Published: Winchester : Faber and Faber , 1985
Subjects:

MARC

LEADER 00000cam a2200000 7i4500
001 0000000535
002 000000620
005 20000330.0
020 |a T000000118 
090 0 0 |a 384.80979494   |b MCC 
100 1 |a MCCLELAND, Dong 
245 1 0 |a Hollywood on Hollywood :   |b Tinsel Town talks   |c Dong Mc Cleland 
260 |a Winchester :   |b Faber and Faber ,   |c 1985 
300 |a 280p 
650 0 0 |a Moving picture industry   |z California-Hollywood   |x History 
999 |a 8976   |b BUKU   |c PINJAMAN   |e PERPUSTAKAAN KOMUNITI PETALING JAYA